| 000 | 01112cam a2200289 a 4500 | ||
|---|---|---|---|
| 008 | |||
| 020 | _a1853395013 (pbk.) | ||
| 049 | _aMAIN | ||
| 090 |
_aHD9685 _bCLA |
||
| 100 | 1 | _aClancy, Joy. | |
| 245 | 1 | 0 |
_aElectricity in household and micro-enterprises / _cJoy Clancy and Lucy Rebedy. |
| 260 |
_aLondon : _bIntermediate Technology Publications in association with United Nations Development Fund for Women and Technology and Development Group, University of Twente, The Netherlands, _c2000. |
||
| 300 |
_avii, 104 p. : _bill. ; _c25 cm. |
||
| 440 | 0 | _aEnergy and environment technology source books. | |
| 504 | _aIncludes bibliographical references. | ||
| 650 | 0 | _aElectricity. | |
| 650 | 0 | _aElectric power. | |
| 700 | 1 | _aRedeby, Lucy. | |
| 710 | 2 | _aIntermediate Technology Development Group. | |
| 710 | 2 | _aUnited Nations Development Fund for Women. | |
| 710 | 2 |
_aUniversiteit Twente. _bVakgroep Ontwikkelingskunde. |
|
| 907 |
_a.b10317144 _b22-01-13 _c03-09-12 |
||
| 003 | |||
| 005 | 20230123125443.0 | ||
| 040 | _cNUST | ||
| 942 |
_cBOOKS _kHD9685 _mCLA |
||
| 999 |
_c141772 _d141772 |
||